Statistics for Biggest Countries in the Equator

Click here to take the quiz!

General Stats

  • This quiz has been taken 16 times
  • The average score is 9 of 13

Answer Stats

HintAnswer% Correct
1.Brazil
100%
2.Democratic Republic of the Congo
100%
4.Colombia
85%
7.Congo
85%
8.Ecuador
85%
3.Indonesia
85%
6.Kenya
85%
5.Somalia
69%
10.Uganda
69%
9.Gabon
62%
13.Maldives
38%
12.Kiribati
15%
11.São Tome & Principe
15%

Score Distribution

Percentile by Number Answered

Percent of People with Each Score

Your Score History

You have not taken this quiz